• 首页
  • 本馆介绍
  • 公告通知
  • 最新文献
  • 馆藏检索
  • 电子资源
  • 读者导购
  • 参考咨询
  • 我的图书馆
  • 登录
  • 详细信息显示
  • 放入我的书架
  • 预约/预借图书
  • 作者相关作品
  • 分类相关作品
  • 丛书相关作品
  • 出版社相关作品

书目信息

  • 表格格式
  • 工作单格式
  • 卡片格式
题名:
美源于心 境成于行
    
 
作者: ;人民教育出版社
分册:  
出版信息: 北京   人民教育出版社  2015
页数: 224页
开本: 24cm
丛书名: 教育促进可持续发展丛书
单 册:
中图分类: G633.983-53 , G633.9
科图分类:
主题词: 环境教育--中小学--文集
电子资源:
ISBN: 978-7-107-29226-2
000 00880nam0 2200241 450
001 2348977209
005 20231217133647.27
010    @a978-7-107-29226-2@d43.00CNY
100    @a20150626d2015 em y0chiy0120 ea
101 0  @achi
102    @aCN@b110000
105    @aa z 000yy
200 1  @a美源于心 境成于行@b专著@e青少年环境教育项目“美境行动”的实践与思考@Amei yuan yu xin jing cheng yu xing@f人民教育出版社
210    @a北京@c人民教育出版社@d2015
215    @a224页@c照片@d24cm
225 1  @a教育促进可持续发展丛书
330    @a本书分为美境故事、行动案例、价值追问三部分,收录了《我打开了一扇环保的门》、《手帕依赖症》、《粉笔头的利用》、《警示水龙头》等文章。
606 0  @a环境教育@x中小学@j文集
690    @aG633.983-53@v5
690    @aG633.9@v4
711 02 @a人民教育出版社@Aren min jiao yu chu ban she
801  2 @aCN@b辽宁北配@c20231205
905    @aBZT@dG633.9@e7
    
    美源于心 境成于行:青少年环境教育项目“美境行动”的实践与思考/人民教育出版社.-北京:人民教育出版社,2015
    224页:照片;24cm.-(教育促进可持续发展丛书)
    
    
    ISBN 978-7-107-29226-2:43.00CNY
    本书分为美境故事、行动案例、价值追问三部分,收录了《我打开了一扇环保的门》、《手帕依赖症》、《粉笔头的利用》、《警示水龙头》等文章。
●
相关链接 在五车中查询图书 在当当中查询图书 在豆瓣中查询图书


正题名:美源于心 境成于行     索取号:G633.9/7         预约/预借

序号 登录号 条形码 馆藏地/架位号 状态 备注
1 2001608320   2001608320   辽三/辽宁北配(第三批)/2331/ [索取号:G633.9/7] 在馆    
2 2001608321   2001608321   辽三/辽宁北配(第三批)/2331/ [索取号:G633.9/7] 在馆    
3 2001608322   2001608322   辽三/辽宁北配(第三批)/2331/ [索取号:G633.9/7] 在馆    
4 2001608323   2001608323   辽三/辽宁北配(第三批)/2331/ [索取号:G633.9/7] 在馆    
5 2001608324   2001608324   辽三/辽宁北配(第三批)/2331/ [索取号:G633.9/7] 在馆    
6 2001608325   2001608325   辽三/辽宁北配(第三批)/2331/ [索取号:G633.9/7] 在馆    
7 2001608326   2001608326   辽三/辽宁北配(第三批)/2331/ [索取号:G633.9/7] 在馆    
8 2001608327   2001608327   辽三/辽宁北配(第三批)/2331/ [索取号:G633.9/7] 在馆    
9 2001608328   2001608328   辽三/辽宁北配(第三批)/2331/ [索取号:G633.9/7] 在馆    
10 2001608329   2001608329   辽三/辽宁北配(第三批)/2331/ [索取号:G633.9/7] 在馆    
11 2001608330   2001608330   辽三/辽宁北配(第三批)/2331/ [索取号:G633.9/7] 在馆    
12 2001608331   2001608331   辽三/辽宁北配(第三批)/2331/ [索取号:G633.9/7] 在馆    
13 2001608332   2001608332   辽三/辽宁北配(第三批)/2331/ [索取号:G633.9/7] 在馆    
14 2001608333   2001608333   辽三/辽宁北配(第三批)/2331/ [索取号:G633.9/7] 在馆    
15 2001608334   2001608334   辽三/辽宁北配(第三批)/2331/ [索取号:G633.9/7] 在馆    
16 2001608335   2001608335   辽三/辽宁北配(第三批)/2331/ [索取号:G633.9/7] 在馆    
17 2001608336   2001608336   辽三/辽宁北配(第三批)/2331/ [索取号:G633.9/7] 在馆    
18 2001608337   2001608337   辽三/辽宁北配(第三批)/2331/ [索取号:G633.9/7] 在馆    
19 2001608338   2001608338   辽三/辽宁北配(第三批)/2331/ [索取号:G633.9/7] 在馆    
20 2001608339   2001608339   辽三/辽宁北配(第三批)/2331/ [索取号:G633.9/7] 在馆    
21 2001608340   2001608340   辽三/辽宁北配(第三批)/2331/ [索取号:G633.9/7] 在馆    
22 2001608341   2001608341   辽三/辽宁北配(第三批)/2331/ [索取号:G633.9/7] 在馆    
23 2001608342   2001608342   辽三/辽宁北配(第三批)/2331/ [索取号:G633.9/7] 在馆    
24 2001608343   2001608343   辽三/辽宁北配(第三批)/2331/ [索取号:G633.9/7] 在馆    
25 2001608344   2001608344   辽三/辽宁北配(第三批)/2331/ [索取号:G633.9/7] 在馆    
26 2001608345   2001608345   辽三/辽宁北配(第三批)/2331/ [索取号:G633.9/7] 在馆    
27 2001608346   2001608346   辽三/辽宁北配(第三批)/2331/ [索取号:G633.9/7] 在馆    
28 2001608347   2001608347   辽三/辽宁北配(第三批)/2331/ [索取号:G633.9/7] 在馆    
29 2001608348   2001608348   辽三/辽宁北配(第三批)/2331/ [索取号:G633.9/7] 在馆    
30 2001608349   2001608349   辽三/辽宁北配(第三批)/2331/ [索取号:G633.9/7] 在馆    
山东省滨州职业学院图书馆 欢迎您!
大连网信软件有限公司© 版权所有